MPK Włocławek Linia 3B - Statystyki

Ogólne statystyki
  • Ten quiz został rozwiązany 8 razy
  • Średni wynik to 5 z 8
Statystyki odpowiedzi
Lp Przystanek % Poprawnych
8 Anwil (Pętla)
100%
1 Ostrowska (pętla)
100%
3 Centrum Przesiadkowe Dworzec PKP
60%
6 Klub Zazamcze
60%
7 Anwil Biurowiec
40%
4 Kujawska Szkoła Wyższa/KSW
40%
2 Nowomiejska
40%
5 Zdrojowa
40%
Nie znaleziono quizów pasujących do podanych kryteriów
Rozkład punktacji
Procent ludzi z każdym wynikiem
Percentyl według liczby udzielonych odpowiedzi
Twoja historia wyników
Nie rozwiązałeś tego quizu